[Event "Corr"]
[Site "?"]
[Date "2000.09.25"]
[Round "?"]
[White "Teichmeister Sven"]
[Black "Halldorsson Jon Arni (ISL)"]
[Result "1-0"]
[WhiteElo "2604"]
[BlackElo "2482"]
[PlyCount "117"]
[EventDate "2000.??.??"]
[Source "www.chesslib.no"]
[SourceDate "2004.05.04"]

1. e4 e6 2. d4 d5 3. Nc3 Bb4 4. e5 c5 5. a3 Bxc3+ 6. bxc3 Qc7 7. Qg4 f5 8. Qg3 cxd4 9. cxd4 Ne7 10. Bd2 O-O 11. Bd3 b6 12. Ne2 Ba6 13. Nf4 Qd7 14. h4 Bxd3 15. Qxd3 Rc8 16. h5 Rc4 17. h6 g6 18. Qg3 Nbc6 19. c3 Kh8 20. Qh4 Rf8 21. O-O Na5 22. Rfb1 Ng8 23. Ne2 Rc7 24. Bg5 Nc4 25. Nf4 Na5 26. Qh3 Qc8 27. Ne2 Nc4 28. Re1 Rff7 29. Nf4 Rc6 30. Qh4 Qd7 31. Bf6+ Nxf6 32. exf6 Rf8 33. Re2 Rg8 34. Qg5 Nd6 35. f7 Qxf7 36. Rxe6 Ne4 37. Qe7 Qxe7 38. Rxe7 Nxc3 39. Nd3 Rgc8 40. Rae1 Rf6 41. Rxa7 g5 42. Rc7 Rff8 43. Rxc8 Rxc8 44. Re7 g4 45. Ne5 Ne4 46. Rg7 Nd6 47. Rd7 Ne4 48. Rxd5 Nd2 49. g3 Kg8 50. Rd7 Nf3+ 51. Nxf3 gxf3 52. Rg7+ Kf8 53. Rxh7 Rc1+ 54. Kh2 Rc2 55. g4 Rxf2+ 56. Kg3 Rg2+ 57. Kxf3 Rxg4 58. d5 Kg8 59. Rd7 1-0

[Event "TCh-BIH"]
[Site "Jahorina"]
[Date "2003.06.21"]
[Round "1"]
[White "Kovacevic, Aleksandar"]
[Black "Lalic, Bogdan"]
[Result "1/2-1/2"]
[WhiteElo "2536"]
[BlackElo "2549"]
[PlyCount "43"]
[EventDate "2003.06.21"]
[Source "Roberto Alvarez"]
[SourceDate "2003.07.07"]

1. e4 e6 2. d4 d5 3. Nc3 Bb4 4. e5 c5 5. a3 Bxc3+ 6. bxc3 Qc7 7. Qg4 f5 8. Qh5+ g6 9. Qd1 Bd7 10. Rb1 Ba4 11. Be3 Nd7 12. Nf3 Ne7 13. dxc5 Nxc5 14. Bxc5 Qxc5 15. Qd4 Qxa3 16. Rxb7 Nc6 17. Qe3 f4 18. Qxf4 Qxc3+ 19. Qd2 Qa1+ 20. Qd1 Qc3+ 21. Qd2 Qa1+ 22. Qd1 1/2-1/2

[Event "Bundesliga 0001"]
[Site "Germany"]
[Date "2000.12.09"]
[Round "3.1"]
[White "Lutz, Christopher"]
[Black "Feygin, Michail"]
[Result "1-0"]
[WhiteElo "2595"]
[BlackElo "2482"]
[PlyCount "113"]
[EventDate "2000.10.14"]
[Source "ChessBase"]
[SourceDate "2001.07.03"]

1. e4 e6 2. d4 d5 3. Nc3 Bb4 4. e5 c5 5. a3 Bxc3+ 6. bxc3 Qc7 7. Qg4 Ne7 8. Qxg7 Rg8 9. Qxh7 cxd4 10. Ne2 Nbc6 11. f4 Bd7 12. Qd3 dxc3 13. Rb1 O-O-O 14. Nxc3 Na5 15. Rg1 Kb8 16. Qd4 Ng6 17. g4 f6 18. Be3 b6 19. exf6 e5 20. fxe5 Nc6 21. Qc5 Be6 22. Na4 Ncxe5 23. Nxb6 Qxc5 24. Nd7+ Ka8 25. Nxc5 Bxg4 26. Ba6 Bc8 27. Be2 Rd6 28. Bd4 Re8 29. Rf1 Bg4 30. Bxg4 Nxg4+ 31. Kd1 Nxh2 32. Rf2 Ng4 33. Rg2 N6e5 34. Bxe5 Nxe5 35. Rf2 Ng4 36. Rf4 Nxf6 37. Nd3 Ne4 38. Rb4 Rh6 39. Kc1 Rc6 40. Kb1 Rec8 41. Rb2 Nd2+ 42. Kc1 Nc4 43. Rb3 Ne3 44. Nb4 Rc5 45. Rxe3 a5 46. Nd3 Rxc2+ 47. Kd1 Kb7 48. Re7+ Kb6 49. Re6+ R8c6 50. Rff6 Rxe6 51. Rxe6+ Rc6 52. Rxc6+ Kxc6 53. Kc2 d4 54. Nb2 Kc5 55. Kd3 Kd5 56. Nc4 Kc5 57. Nxa5 1-0

[Event "It (young masters)"]
[Site "Hengelo (Netherlands)"]
[Date "2007.08.07"]
[Round "2"]
[White "Corrales Jimenez F"]
[Black "Lysyj Igor (RUS)"]
[Result "0-1"]
[WhiteElo "2499"]
[BlackElo "2578"]
[PlyCount "90"]
[EventDate "2007.??.??"]
[Source "www.chesslib.no"]
[SourceDate "2004.05.04"]

1. e4 e6 2. d4 d5 3. Nc3 Bb4 4. e5 c5 5. a3 Bxc3+ 6. bxc3 Qc7 7. Qg4 f6 8. Nf3 c4 9. Be2 Nc6 10. Qg3 Qf7 11. O-O Nge7 12. exf6 gxf6 13. Nh4 e5 14. dxe5 Rg8 15. Qe3 fxe5 16. f4 Qf6 17. Nf3 e4 18. Ng5 h6 19. Bh5+ Kd7 20. Nf7 Nf5 21. Qc5 Kc7 22. Ne5 Qe7 23. Qxd5 Be6 24. Qd1 Rg7 25. g4 Rd8 26. Qe2 Nxe5 27. fxe5 Qh4 28. Rxf5 Bxf5 29. Bf4 Bxg4 30. e6+ Kb6 31. Rb1+ Ka5 32. Bc7+ b6 33. Bxg4 Qxg4+ 34. Qxg4 Rxg4+ 35. Kf2 Re8 36. Ke3 Rxe6 37. Rf1 Rg7 38. Rf5+ Ka4 39. Be5 Rg5 40. Kxe4 Kxa3 41. Rxg5 hxg5 42. Kf5 Rxe5+ 43. Kxe5 Kb2 44. Kf5 a5 45. Kxg5 a4 0-1

[Event "Vendrell op"]
[Site "?"]
[Date "1996.??.??"]
[Round "8"]
[White "Sutovsky Emil"]
[Black "Komarov Dimitri"]
[Result "1-0"]
[WhiteElo "2545"]
[BlackElo "2530"]
[PlyCount "71"]
[EventDate "1996.??.??"]
[Source "www.chesslib.no"]
[SourceDate "2004.05.04"]

1. e4 e6 2. d4 d5 3. Nc3 Bb4 4. e5 c5 5. a3 Bxc3+ 6. bxc3 Qc7 7. Qg4 f5 8. Qh5+ Qf7 9. Qxf7+ Kxf7 10. dxc5 Nd7 11. c4 Ne7 12. Nf3 Nxc5 13. cxd5 Nxd5 14. Bc4 Nb6 15. Ba2 Bd7 16. Be3 Rac8 17. O-O-O Ba4 18. Rd6 Ne4 19. Bxe6+ Ke7 20. Nd4 Rxc2+ 21. Kb1 g6 22. f3 Nc3+ 23. Ka1 Rxg2 24. Rc1 Rc8 25. h4 Bd7 26. Bb3 Ke8 27. Bg5 h6 28. Bf6 Ne2 29. Rxc8+ Nxc8 30. Bf7+ Kf8 31. Rxd7 Nxd4 32. Bd5 Rg1+ 33. Kb2 Rg2+ 34. Kc3 Nc6 35. Bxc6 bxc6 36. e6 1-0

[Event "FRA-Tch final"]
[Site "?"]
[Date "1997.??.??"]
[Round "8"]
[White "David Alberto"]
[Black "Komarov Dimitri"]
[Result "1/2-1/2"]
[WhiteElo "2455"]
[BlackElo "2615"]
[PlyCount "34"]
[EventDate "1997.??.??"]
[Source "www.chesslib.no"]
[SourceDate "2004.05.04"]

1. e4 e6 2. d4 d5 3. Nc3 Bb4 4. e5 c5 5. a3 Bxc3+ 6. bxc3 Qc7 7. Qg4 f5 8. Qh5+ Qf7 9. Qd1 b6 10. Nh3 cxd4 11. cxd4 Ba6 12. Bxa6 Nxa6 13. Qd3 Nc7 14. a4 Ne7 15. Ba3 Nc6 16. Nf4 Na5 17. h4 Nc4 1/2-1/2

[Event "Bundesliga 2004-5"]
[Site "Wattenscheid"]
[Date "2004.11.26"]
[Round "7"]
[White "Hoffmann, Michael"]
[Black "Rustemov, Alexander"]
[Result "0-1"]
[WhiteElo "2468"]
[BlackElo "2602"]
[PlyCount "66"]
[EventDate "2004.11.14"]
[Source "Roberto Alvarez"]
[SourceDate "2004.12.13"]

1. e4 e6 2. d4 d5 3. Nc3 Bb4 4. e5 c5 5. a3 Bxc3+ 6. bxc3 Qc7 7. Qg4 f5 8. Qg3 cxd4 9. cxd4 Ne7 10. Bd2 O-O 11. Bd3 b6 12. Ne2 Ba6 13. Nf4 Qd7 14. h4 Bxd3 15. Qxd3 Rc8 16. Rh3 Rc4 17. Rg3 Nbc6 18. c3 Rf8 19. Nh5 Ng6 20. Nxg7 f4 21. Rg5 Qxg7 22. Qh3 Rf5 23. Rxf5 exf5 24. Qxf5 Nce7 25. Qg4 Nf8 26. Qxf4 Qxg2 27. Ke2 Qg6 28. Qf3 Ne6 29. h5 Qf5 30. Qxf5 Nxf5 31. Kf3 Kf7 32. Ra2 Nd8 33. a4 Nc6 0-1

[Event "SWE-chT 0203"]
[Site "Helsingborg"]
[Date "2002.10.12"]
[Round "2"]
[White "Wedberg, Tom"]
[Black "Berg, Emanuel"]
[Result "0-1"]
[WhiteElo "2530"]
[BlackElo "2535"]
[PlyCount "118"]
[EventDate "2002.10.11"]
[Source "ChessBase"]
[SourceDate "2002.11.06"]

1. e4 e6 2. d4 d5 3. Nc3 Bb4 4. e5 c5 5. a3 Bxc3+ 6. bxc3 Qc7 7. Qg4 f5 8. Qh5+ g6 9. Qd1 Bd7 10. Rb1 Ba4 11. Nf3 Nd7 12. Bd3 h6 13. O-O c4 14. Be2 O-O-O 15. h4 Ne7 16. g3 Nc6 17. Kg2 Rdg8 18. Be3 Nd8 19. Rh1 Nf7 20. Qd2 Qd8 21. Rbg1 Qe7 22. Qc1 Nb6 23. Kf1 Bd7 24. Bd2 Na4 25. g4 Rh7 26. Rg3 Rhg7 27. gxf5 exf5 28. Rhg1 f4 29. Bxf4 Nxc3 30. Bxh6 Nxh6 31. Qxh6 Bf5 32. Nd2 Nxe2 33. Kxe2 Bxc2 34. Rc1 Bf5 35. Qg5 Rh8 36. Qxe7 Rxe7 37. Nf3 b5 38. Rcg1 Rf7 39. e6 Rf6 40. e7 Re8 41. Ne5 Rxe7 42. h5 gxh5 43. Rg8+ Kb7 44. f3 Ra6 45. Rd8 Rxa3 46. Rxd5 a6 47. Rg5 Bd3+ 48. Kf2 h4 49. Rh5 b4 50. Rd6 Ra2+ 51. Ke3 b3 52. Rhh6 b2 53. Rb6+ Ka7 54. Kf4 Rxe5 55. dxe5 b1=Q 56. Rxb1 Bxb1 57. Rxh4 Re2 58. Kg3 c3 59. Rc4 c2 0-1

[Event "Sigeman & Co"]
[Site "Malmo"]
[Date "2002.06.14"]
[Round "9"]
[White "Wedberg, Tom"]
[Black "Berg, Emanuel"]
[Result "0-1"]
[WhiteElo "2540"]
[BlackElo "2514"]
[PlyCount "116"]
[EventDate "2002.06.06"]
[Source "ChessBase"]
[SourceDate "2002.09.20"]

1. e4 e6 2. d4 d5 3. Nc3 Bb4 4. e5 c5 5. a3 Bxc3+ 6. bxc3 Qc7 7. Qg4 f5 8. Qh5+ g6 9. Qd1 Bd7 10. Nf3 Ba4 11. Rb1 Nd7 12. dxc5 Nxc5 13. Be3 b6 14. Qd4 Ne7 15. Bd3 h6 16. O-O g5 17. c4 O-O 18. Rfe1 f4 19. Bd2 Nxd3 20. cxd3 Nf5 21. Qc3 dxc4 22. Re4 Qd7 23. Nd4 Rad8 24. Nxf5 Rxf5 25. Rxc4 Bb5 26. Rc7 Qxd3 27. Qxd3 Bxd3 28. Rbc1 Rf7 29. Bb4 Rd5 30. Bd6 Rxc7 31. Rxc7 Rb5 32. h3 Rb1+ 33. Kh2 Rb2 34. Kg1 Rb1+ 35. Kh2 Rb2 36. Kg1 a5 37. f3 Rb1+ 38. Kh2 Rb2 39. Kg1 Rb1+ 40. Kh2 Bf1 41. Kg1 b5 42. Rb7 Bc4+ 43. Kh2 Rb2 44. Kg1 h5 45. Rb8+ Kg7 46. Rb7+ Kg6 47. Rb8 Kg7 48. Rb7+ Kg6 49. Rb8 Bd5 50. Rg8+ Kf7 51. Rxg5 b4 52. axb4 axb4 53. Rxh5 b3 54. Rh4 Rc2 55. Rxf4+ Kg6 56. Rg4+ Kh5 57. h4 b2 58. Rg5+ Kh6 0-1

[Event "34. Olympiad"]
[Site "?"]
[Date "2000.11.10"]
[Round "13"]
[White "Antonio Rogelio jr"]
[Black "Giaccio Alfredo"]
[Result "1-0"]
[WhiteElo "2547"]
[BlackElo "2505"]
[PlyCount "93"]
[EventDate "2000.??.??"]
[Source "www.chesslib.no"]
[SourceDate "2004.05.04"]

1. e4 e6 2. d4 d5 3. Nc3 Bb4 4. e5 c5 5. a3 Bxc3+ 6. bxc3 Qc7 7. Qg4 f5 8. Qh5+ g6 9. Qd1 b6 10. Bd2 Ba6 11. Bxa6 Nxa6 12. h4 h6 13. Nh3 Qc6 14. Nf4 Ne7 15. Qe2 Nc7 16. a4 cxd4 17. cxd4 Qc4 18. c3 Qxe2+ 19. Kxe2 Kf7 20. a5 Nc6 21. axb6 axb6 22. Rhb1 Rxa1 23. Rxa1 Ra8 24. Rxa8 Nxa8 25. Nd3 h5 26. Bc1 Nc7 27. Kd2 Nb5 28. Kc2 Na5 29. Bg5 Na3+ 30. Kb2 N3c4+ 31. Ka2 Nc6 32. Bc1 b5 33. Ba3 Nd2 34. Kb2 Nc4+ 35. Kb3 N6a5+ 36. Kb4 Nc6+ 37. Kxb5 Nxd4+ 38. cxd4 Nxa3+ 39. Kc5 Nc2 40. Nf4 Na3 41. Kc6 Nc2 42. Kd6 Nxd4 43. Kd7 Nb3 44. Nxe6 d4 45. Ng5+ Kg7 46. e6 d3 47. e7 1-0

[Event "Monarch Assurance"]
[Site "Isle of Man"]
[Date "2007.09.28"]
[Round "7.6"]
[White "Areshchenko, Alexander"]
[Black "Bradford, Joseph"]
[Result "1-0"]
[WhiteElo "2645"]
[BlackElo "2406"]
[PlyCount "24"]
[EventDate "2007.09.22"]
[Source "www.chesslib.no"]
[SourceDate "2004.05.04"]

1. e4 e6 2. d4 d5 3. Nc3 Bb4 4. e5 c5 5. a3 Bxc3+ 6. bxc3 Qc7 7. Qg4 f5 8. Qg3 cxd4 9. cxd4 Ne7 10. c3 b6 11. Ne2 Kf7 12. Nf4 Ba6 1-0

[Event "Asker 71/306"]
[Site "?"]
[Date "1997.??.??"]
[Round "?"]
[White "Rytshagov, Mikhail"]
[Black "Djurhuus, Rune"]
[Result "1/2-1/2"]
[WhiteElo "2525"]
[BlackElo "2525"]
[PlyCount "79"]
[EventDate "1997.??.??"]
[Source "ChessBase"]
[SourceDate "1997.10.01"]

1. e4 e6 2. d4 d5 3. Nc3 Bb4 4. e5 c5 5. a3 Bxc3+ 6. bxc3 Qc7 7. Qg4 Ne7 8. Qxg7 Rg8 9. Qxh7 cxd4 10. Ne2 Nbc6 11. f4 dxc3 12. Qd3 Bd7 13. Be3 O-O-O 14. g3 d4 15. Bf2 Ng6 16. Qc4 f6 17. exf6 e5 18. Bg2 exf4 19. Bxd4 Nxd4 20. Qxc7+ Kxc7 21. Nxd4 Rge8+ 22. Kf2 Bg4 23. h3 Rxd4 24. hxg4 Rd2+ 25. Kg1 Rxc2 26. Rh7+ Kd6 27. f7 Re3 28. Bxb7 Rxg3+ 29. Kf1 Nf8 30. Rh6+ Ke7 31. Re1+ Re3 32. Rxe3+ fxe3 33. Rc6 Kxf7 34. Ba6 Nd7 35. Bd3 Rf2+ 36. Ke1 Ne5 37. Rxc3 Nxg4 38. Be2 Rf4 39. Bxg4 Rxg4 40. Rxe3 1/2-1/2

[Event "Andorra op"]
[Site "Andorra"]
[Date "1997.??.??"]
[Round "9"]
[White "Sion Castro, Marcelino"]
[Black "Psakhis, Lev"]
[Result "1/2-1/2"]
[WhiteElo "2440"]
[BlackElo "2610"]
[PlyCount "61"]
[EventDate "1997.07.??"]
[Source "ChessBase"]
[SourceDate "1997.07.29"]

1. e4 e6 2. d4 d5 3. Nc3 Bb4 4. e5 c5 5. a3 Bxc3+ 6. bxc3 Qc7 7. Qg4 f5 8. Qh5+ g6 9. Qd1 Bd7 10. Bd2 Ba4 11. Bd3 Nc6 12. Nf3 c4 13. Be2 h6 14. h4 O-O-O 15. Qc1 Qg7 16. Ng1 Nge7 17. Nh3 Rdg8 18. Nf4 Qf7 19. Qb2 Kb8 20. O-O-O Nc8 21. Rdg1 N6e7 22. Qb4 Bd7 23. a4 Qe8 24. Kb2 Qd8 25. Ra1 Nc6 26. Qc5 b6 27. Qa3 a5 28. g3 Ka7 29. Be3 N6e7 30. Rag1 Qc7 31. Ra1 1/2-1/2

[Event "San Diego USA"]
[Site "?"]
[Date "2006.03.02"]
[Round "1"]
[White "Stein Alan R"]
[Black "Ibragimov Ildar"]
[Result "0-1"]
[WhiteElo "2415"]
[BlackElo "2635"]
[PlyCount "110"]
[EventDate "2006.??.??"]
[Source "www.chesslib.no"]
[SourceDate "2004.05.04"]

1. e4 e6 2. d4 d5 3. Nc3 Bb4 4. e5 c5 5. a3 Bxc3+ 6. bxc3 Qc7 7. Qg4 f6 8. Qg3 Nc6 9. Nf3 Qf7 10. dxc5 Nge7 11. Bd3 Nxe5 12. Nxe5 fxe5 13. Qxe5 O-O 14. O-O Nc6 15. Qg3 e5 16. Rb1 Be6 17. Bg5 Rac8 18. Bh4 e4 19. Be2 h6 20. Qe3 Rc7 21. Bg3 Rd7 22. Rfd1 Ne7 23. Bb5 Nf5 24. Qf4 Nxg3 25. Qxg3 Rc7 26. Qe3 Rfc8 27. c6 bxc6 28. Be2 Rf8 29. Qg3 Rb7 30. Ba6 Rb6 31. Be2 Qe7 32. Qe5 Rf5 33. Qd4 Qxa3 34. Bg4 Rf6 35. Bxe6+ Rxe6 36. c4 Rxb1 37. Rxb1 Qa4 38. Rb8+ Kh7 39. Rb7 Rg6 40. Rxa7 Qxc2 41. g3 Qd3 42. Qxd3 exd3 43. cxd5 Rd6 44. Kf1 Rxd5 45. Ke1 Re5+ 46. Kd2 Re2+ 47. Kxd3 Rxf2 48. Ke4 Rxh2 49. Kf5 Rf2+ 50. Kg4 Kg6 51. Rc7 h5+ 52. Kh3 Rc2 53. Rd7 Kf6 54. Rd6+ Kf5 55. Rd7 g5 0-1

[Event "II Torneo de las Américas"]
[Site "Buenos Aires"]
[Date "2003.08.18"]
[Round "2"]
[White "Vescovi, Giovanni Portilho"]
[Black "Schneider, Dmitry"]
[Result "1-0"]
[WhiteElo "2618"]
[BlackElo "2425"]
[PlyCount "65"]
[EventDate "2003.08.17"]
[Source "Roberto Alvarez"]
[SourceDate "2003.09.01"]

1. e4 e6 2. d4 d5 3. Nc3 Bb4 4. e5 c5 5. a3 Bxc3+ 6. bxc3 Qc7 7. Qg4 f5 8. Qg3 cxd4 9. cxd4 Ne7 10. Bd2 O-O 11. Bd3 b6 12. Ne2 Ba6 13. Nf4 Qd7 14. h4 Bxd3 15. Qxd3 Nbc6 16. h5 Nd8 17. a4 Rc8 18. a5 b5 19. h6 g6 20. a6 Rc4 21. c3 Qc6 22. O-O Nf7 23. Rfb1 Rb8 24. Rb3 Kf8 25. Qb1 Rb6 26. Ra5 Nxh6 27. Rbxb5 Nc8 28. Rxb6 Nxb6 29. Rc5 Qd7 30. Rxc4 Nxc4 31. Nxe6+ Qxe6 32. Bxh6+ Ke7 33. Bg5+ 1-0

[Event "Bermuda-B"]
[Site "Bermuda"]
[Date "2003.01.30"]
[Round "6"]
[White "Moreno Carnero, Javier"]
[Black "Berg, Emanuel"]
[Result "0-1"]
[WhiteElo "2508"]
[BlackElo "2527"]
[PlyCount "178"]
[EventDate "2003.01.25"]
[Source "ChessBase"]
[SourceDate "2003.05.26"]

1. e4 e6 2. d4 d5 3. Nc3 Bb4 4. e5 c5 5. a3 Bxc3+ 6. bxc3 Qc7 7. Nf3 b6 8. Bb5+ Bd7 9. Bd3 Ba4 10. O-O Nd7 11. Ra2 c4 12. Be2 Ne7 13. Re1 h6 14. h4 O-O-O 15. Bf1 Rdg8 16. g3 Nf8 17. Bg2 Qd8 18. Bd2 Nf5 19. Rb2 Ne7 20. Rb4 Bd7 21. a4 a5 22. Rb2 Bxa4 23. Qa1 Bc6 24. Reb1 Nd7 25. Qa3 Kc7 26. Qd6+ Kb7 27. Qa3 Kc7 28. Qd6+ Kb7 29. Qa3 Ka6 30. Qd6 Re8 31. Bc1 Qa8 32. Ra2 Kb7 33. Nd2 Nc8 34. Qa3 Kc7 35. Nf3 Qa6 36. Bf4 Na7 37. Qc1 Nb5 38. Qe3 Rb8 39. Nd2 Na7 40. Rba1 Ra8 41. Qf3 Rhg8 42. Qe3 Rh8 43. Qf3 Rhg8 44. Qe3 Rad8 45. Nf3 Nb8 46. h5 Qc8 47. Rb1 Qd7 48. Rab2 Nc8 49. Ra2 Qe7 50. Qc1 Nd7 51. Qe3 Na7 52. Nd2 Rb8 53. Bh1 Rb7 54. Bg2 Ra8 55. Qe2 Nb8 56. Nf1 Nb5 57. Qe3 Ra6 58. Qe1 Na3 59. Rba1 Nb5 60. Bc1 Rba7 61. Ne3 Kb7 62. Rb1 Qd7 63. Bh3 Ka8 64. Bg2 Rc7 65. Bh3 Rc8 66. Kh2 Re8 67. Ng2 Ka7 68. Qe3 Qe7 69. Nh4 Nd7 70. Qe1 Kb7 71. Kg1 Raa8 72. Bg2 Rg8 73. Qe3 Rh8 74. Nf3 Rac8 75. Nd2 Qg5 76. f4 Qxh5 77. Kf2 g5 78. fxg5 Qxg5 79. Qf3 Qg6 80. Rab2 Ka6 81. Bf1 f6 82. Qe3 Na3 83. Qe2 Qf5+ 84. Kg1 Nxb1 85. Nxc4 Nxc3 86. Qe3 dxc4 87. Qxc3 Bd5 88. Bd2 Qf3 89. Rxb6+ Nxb6 0-1

[Event "XXX Open"]
[Site "Andorra la Vella"]
[Date "2003.??.??"]
[Round "7"]
[White "Castellanos, Renier"]
[Black "Psakhis, Lev"]
[Result "1/2-1/2"]
[WhiteElo "2485"]
[BlackElo "2550"]
[PlyCount "50"]
[EventDate "2003.07.05"]
[Source "Roberto Alvarez"]
[SourceDate "2003.07.21"]

1. e4 e6 2. d4 d5 3. Nc3 Bb4 4. e5 c5 5. a3 Bxc3+ 6. bxc3 Qc7 7. Qg4 f5 8. Qg3 cxd4 9. cxd4 Ne7 10. Bd2 O-O 11. Bd3 b6 12. Ne2 Ba6 13. Nf4 Qd7 14. h4 Bxd3 15. Qxd3 Rc8 16. Rh3 Rc4 17. Rg3 Nbc6 18. c3 Rf8 19. h5 Na5 20. h6 g6 21. Nh5 Kh8 22. Nf6 Qc8 23. Bg5 Rf7 24. Rf3 Nac6 25. Kf1 Nb8 1/2-1/2

[Event "Las Palmas"]
[Site "Las Palmas ESP"]
[Date "1991.??.??"]
[Round "9"]
[White "Santo Roman, Marc"]
[Black "Morovic Fernandez, Ivan E"]
[Result "0-1"]
[WhiteElo "2500"]
[BlackElo "2535"]
[PlyCount "88"]
[EventDate "1991.12.??"]
[Source "www.chesslib.no"]
[SourceDate "2004.05.04"]

1. e4 e6 2. d4 d5 3. Nc3 Bb4 4. e5 c5 5. a3 Bxc3+ 6. bxc3 Qc7 7. Qg4 f5 8. Qg3 cxd4 9. cxd4 Ne7 10. Bd2 O-O 11. Bd3 b6 12. Ne2 Ba6 13. Bb4 Qd7 14. f4 Bxd3 15. cxd3 Na6 16. Bd6 Rf7 17. a4 Nc8 18. Ba3 Qxa4 19. O-O Qd7 20. Rfb1 Nc7 21. Nc3 a5 22. Rb2 b5 23. Bc5 b4 24. Nb1 Qb5 25. Nc3 Qc6 26. Nb1 Nb6 27. Rba2 Qb5 28. Qe1 Ra6 29. Qd2 Nc8 30. Kf2 Na7 31. Ke3 Nc6 32. Qb2 a4 33. Bd6 a3 34. Qc1 Qb7 35. Nd2 Nb5 36. Nb3 Ra8 37. Rc2 Nbxd4 38. Nxd4 Nxd4 39. Kxd4 b3 40. Rxa3 bxc2 41. Rxa8+ Qxa8 42. Qxc2 Qa7+ 43. Bc5 Rc7 44. Qc3 Rxc5 0-1

[Event "Campionato Rep. Ceca"]
[Site "Praga CEC"]
[Date "2007.02.08"]
[Round "3"]
[White "Simacek, P."]
[Black "Cvek, R."]
[Result "1/2-1/2"]
[WhiteElo "2501"]
[BlackElo "2530"]
[PlyCount "81"]
[EventDate "2007.02.06"]
[Source "www.chesslib.no"]
[SourceDate "2004.05.04"]

1. e4 e6 2. d4 d5 3. Nc3 Bb4 4. e5 c5 5. a3 Bxc3+ 6. bxc3 Qc7 7. Nf3 Bd7 8. c4 dxc4 9. d5 exd5 10. Qxd5 Be6 11. Qe4 Qc6 12. Qf4 Ne7 13. h4 Qa4 14. Bd3 Ng6 15. Qe4 Qc6 16. Qxc6+ Nxc6 17. Be4 O-O-O 18. Bg5 Rde8 19. Bxc6 bxc6 20. h5 Nxe5 21. Nxe5 Bd5 22. f4 f6 23. Bh4 fxe5 24. O-O exf4 25. Rxf4 Re2 26. Rf2 Rhe8 27. Bg3 Rxf2 28. Kxf2 Rf8+ 29. Kg1 Kb7 30. Rf1 Rxf1+ 31. Kxf1 Kb6 32. Be5 Kb5 33. Ke2 Ka4 34. Bxg7 Kxa3 35. Kd2 Bxg2 36. h6 Be4 37. Kc1 Kb4 38. Kb2 c3+ 39. Bxc3+ Kc4 40. Bg7 Bg6 41. c3 1/2-1/2

[Event "Tarrassa"]
[Site "Tarrassa"]
[Date "1990.??.??"]
[Round "8"]
[White "Oll, Lembit"]
[Black "Romero Holmes, Alfonso"]
[Result "1-0"]
[WhiteElo "2570"]
[BlackElo "2460"]
[PlyCount "57"]
[EventDate "1990.04.??"]
[Source "ChessBase"]

1. e4 e6 2. d4 d5 3. Nc3 Bb4 4. e5 c5 5. a3 Bxc3+ 6. bxc3 Qc7 7. Qg4 Ne7 8. Qxg7 Rg8 9. Qxh7 cxd4 10. Ne2 dxc3 11. f4 b6 12. Ng3 Qc5 13. Rb1 Nd7 14. Nh5 Rf8 15. Rb5 Qd4 16. Rb4 Qc5 17. Qd3 Nc6 18. Ra4 Na5 19. Be3 Qc6 20. Rb4 Bb7 21. Bd4 Rc8 22. Qg3 Nc4 23. Qg5 Rh8 24. Bd3 Nxa3 25. f5 Ba6 26. fxe6 Bxd3 27. Ng7+ Kf8 28. cxd3 f6 29. O-O 1-0

[Event "Rilton Cup"]
[Site "Stockholm"]
[Date "2000.01.03"]
[Round "6"]
[White "Wedberg, Tom"]
[Black "Socko, Bartosz"]
[Result "0-1"]
[WhiteElo "2487"]
[BlackElo "2543"]
[PlyCount "126"]
[EventDate "1999.12.27"]
[Source "ChessBase"]
[SourceDate "2000.03.10"]

1. e4 e6 2. d4 d5 3. Nc3 Bb4 4. e5 c5 5. a3 Bxc3+ 6. bxc3 Qc7 7. Nf3 b6 8. a4 Ba6 9. Bxa6 Nxa6 10. Qe2 c4 11. Ng5 h6 12. Nh3 O-O-O 13. Nf4 Nb8 14. h4 Qd7 15. a5 Ne7 16. axb6 axb6 17. Ba3 Kb7 18. Nh5 Rhg8 19. Rb1 Nbc6 20. Bc5 Nc8 21. O-O Kc7 22. Ba3 N6e7 23. Rb2 Nf5 24. g3 Kc6 25. Rfb1 Qa7 26. Bb4 g5 27. Nf6 gxh4 28. g4 h5 29. Nxh5 Rg6 30. Kh1 Ng7 31. Nf4 Rh6 32. Qe3 Rdh8 33. Nh3 Rg6 34. Rg1 Rg8 35. Rbb1 Qd7 36. Nf4 Rg5 37. Nh3 Rg6 38. Qc1 f5 39. exf6 Rxf6 40. Qe3 Ne8 41. f4 Qf7 42. Qe5 Qg6 43. f5 Qf7 44. Nf4 exf5 45. g5 Rfg6 46. Nxg6 Rxg6 47. Rbf1 Ned6 48. Rf4 Qg8 49. Rxf5 Nxf5 50. Qxf5 Qe8 51. Kh2 Nd6 52. Bxd6 Kxd6 53. Rg2 Kc6 54. Kh3 Qe3+ 55. Kh2 Qe8 56. Qg4 h3 57. Rf2 Qe7 58. Rf5 Re6 59. g6 Qd6+ 60. Kxh3 Rxg6 61. Rg5 Rh6+ 62. Rh5 Re6 63. Qg5 Re2 0-1

[Event "Andorra Open"]
[Site "Andorra"]
[Date "1995.??.??"]
[Round "3"]
[White "Videki, Sandor"]
[Black "Komarov, Dimitri"]
[Result "1/2-1/2"]
[WhiteElo "2455"]
[BlackElo "2575"]
[PlyCount "30"]
[EventDate "1995.06.??"]
[Source "www.chesslib.no"]
[SourceDate "2004.05.04"]

1. e4 e6 2. d4 d5 3. Nc3 Bb4 4. e5 c5 5. a3 Bxc3+ 6. bxc3 Qc7 7. Qg4 f5 8. Bb5+ Kf8 9. Qh5 g6 10. Qh4 c4 11. a4 a6 12. Ba3+ Kf7 13. Bd6 Qa5 14. Bb4 Qc7 15. Bd6 Qa5 1/2-1/2

[Event "Chemnitz 73/333"]
[Site "?"]
[Date "1998.??.??"]
[Round "?"]
[White "Golubev, Mihail"]
[Black "Haba, Petr"]
[Result "1-0"]
[WhiteElo "2515"]
[BlackElo "2515"]
[PlyCount "89"]
[EventDate "1998.??.??"]
[Source "ChessBase"]
[SourceDate "1998.06.01"]

1. e4 e6 2. d4 d5 3. Nc3 Bb4 4. e5 c5 5. a3 Bxc3+ 6. bxc3 Qc7 7. Nf3 b6 8. a4 Ba6 9. Bxa6 Nxa6 10. c4 Ne7 11. cxd5 Nxd5 12. O-O cxd4 13. Nxd4 O-O 14. Re1 Nab4 15. Ra3 Nc3 16. Qg4 Nbd5 17. Bh6 f5 18. exf6 Rxf6 19. Nxe6 Re8 20. Bd2 Rexe6 21. Rxe6 Qc8 22. Bxc3 Qxe6 23. Qxe6+ Rxe6 24. Bd2 Re4 25. Kf1 Kf7 26. a5 b5 27. Rf3+ Ke7 28. a6 Ra4 29. Rb3 b4 30. Ke2 Ke6 31. Kd3 Rxa6 32. Bxb4 Nf4+ 33. Kc4 Rc6+ 34. Bc5 Nxg2 35. Rg3 Nh4 36. Rxg7 a6 37. Re7+ Kf6 38. Rxh7 Nf5 39. Kd5 Rc8 40. Ra7 Rd8+ 41. Kc4 Ke5 42. Rxa6 Rh8 43. Kd3 Rxh2 44. Be3 Rh4 45. f4+ 1-0

[Event "Marganets"]
[Site "?"]
[Date "1999.??.??"]
[Round "11"]
[White "Lastin Alexander"]
[Black "Gutman Gennadi"]
[Result "1/2-1/2"]
[WhiteElo "2558"]
[BlackElo "2470"]
[PlyCount "30"]
[EventDate "1999.??.??"]
[Source "www.chesslib.no"]
[SourceDate "2004.05.04"]

1. e4 e6 2. d4 d5 3. Nc3 Bb4 4. e5 c5 5. a3 Bxc3+ 6. bxc3 Qc7 7. Qg4 f5 8. Qg3 cxd4 9. cxd4 Ne7 10. c3 O-O 11. Bd2 b6 12. Nh3 Ba6 13. Bxa6 Nxa6 14. Nf4 Qd7 15. Nh5 Ng6 1/2-1/2

[Event "Cheboksary RUS"]
[Site "?"]
[Date "2006.03.02"]
[Round "1"]
[White "Geller Jakov"]
[Black "Lysyj Igor"]
[Result "1/2-1/2"]
[WhiteElo "2505"]
[BlackElo "2523"]
[PlyCount "41"]
[EventDate "2006.??.??"]
[Source "www.chesslib.no"]
[SourceDate "2004.05.04"]

1. e4 e6 2. d4 d5 3. Nc3 Bb4 4. e5 c5 5. a3 Bxc3+ 6. bxc3 Qc7 7. Qg4 f6 8. Nf3 c4 9. Be2 Nc6 10. O-O Qf7 11. a4 Qg6 12. Qxg6+ hxg6 13. Re1 Nge7 14. Bf1 g5 15. g4 b6 16. Kg2 Ng6 17. Kg3 Kf7 18. Bg2 Bd7 19. Rh1 Rag8 20. h3 Ke8 21. Bd2 1/2-1/2

[Event "Dos Hermanas op 3rd"]
[Site "Dos Hermanas"]
[Date "2002.04.10"]
[Round "6"]
[White "Korneev, Oleg"]
[Black "Pogorelov, Ruslan"]
[Result "1-0"]
[WhiteElo "2568"]
[BlackElo "2460"]
[PlyCount "83"]
[EventDate "2002.04.05"]
[Source "ChessBase"]
[SourceDate "2002.05.03"]

1. e4 e6 2. d4 d5 3. Nc3 Bb4 4. e5 c5 5. a3 Bxc3+ 6. bxc3 Qc7 7. Qg4 f5 8. Qg3 cxd4 9. cxd4 Ne7 10. Bd2 O-O 11. Bd3 b6 12. Ne2 Ba6 13. Nf4 Qd7 14. h4 Bxd3 15. Qxd3 Nbc6 16. h5 Rac8 17. h6 g6 18. O-O Nd8 19. a4 Rc4 20. a5 b5 21. a6 Nf7 22. Rfb1 Rb8 23. c3 Nxh6 24. Nxe6 Qxe6 25. Bxh6 Nc6 26. Rb3 b4 27. Be3 Rc8 28. cxb4 Nxb4 29. Qd2 Nc2 30. Rab1 Qxa6 31. Rb8 Rxb8 32. Rxb8+ Kf7 33. Kh2 Rc8 34. Rb2 Qc4 35. Qa5 Rc7 36. Rxc2 Qxc2 37. Qxd5+ Kg7 38. e6 Qe4 39. Qxe4 fxe4 40. d5 Re7 41. Bc5 Kf6 42. d6 1-0